000 01088aaa a2200241 a 4500
001 78824
003 BD-RjUL
005 20211209083158.0
008 211118s1965 le ||||| |||| 001 0 ara d
035 _a(BD-RjUL)79051
040 _aBD-RjUL
_beng
_cBD-RjUL
041 _aara
082 _223
_a909.8
_bMAK 1965
100 1 _aمسعودي، لأبي الحسن علي بن الحسين بن علي.;; masudi, li'abi alhasan ealii bin alhusayn bin eulay.
_9250188
245 1 0 _aكتاب التنبيه والإشراف ;; Kitāb al-tanḅīh wa-al-ishrāf /
_c. لأبي الحسن علي بن الحسين بن علي المسعودي;; . Abu Al-Hassan Ali bin Al-Hussein bin Ali Al-Masoudi
_pTanbīh wa-al-ishrāf.
260 _a Bayrūt ; Lebanon: .
_bمكتبة خياط، ;; Maktabat Khayyāṭ,
_c1965
300 _a xliii, 508 pages ;
_c23 cm.
490 _aRawāʼiʻ al-turāth al-ʻArabī, 4.
650 _aWorld history
_vEarly works to 1800.
_9250189
650 _aWorld history.
_9250190
830 _aRawāʼiʻ al-turāth al-ʻArabī, 4.
_9250191
942 _2ddc
_cBK
999 _c78824
_d78824